|
|
|
|
| LEADER |
00948cam a2200241 7i4500 |
| 001 |
0000065105 |
| 005 |
20221027090000.0 |
| 020 |
|
|
|a 9780128133354 (electronic book)
|
| 090 |
0 |
0 |
|a QH445.2
|b .C54 2019
|
| 245 |
0 |
0 |
|a Clinical genome sequencing :
|b psychological considerations
|c edited by Aad Tibben, Barbara B. Biesecker.
|
| 264 |
|
|
|a London, UK:
|b Academic Press,
|c 2019.
|
| 300 |
|
|
|a 1 online resource (xii, 245 pages):
|b illustrations, text file, PDF.
|
| 336 |
|
|
|a text
|2 rdacontent
|
| 337 |
|
|
|a computer
|2 rdamedia
|
| 338 |
|
|
|a online resource
|2 rdacarrier
|
| 650 |
0 |
0 |
|a Human gene mapping
|
| 650 |
0 |
0 |
|a Human gene mapping --
|x Moral and ethical aspects
|
| 655 |
0 |
0 |
|a Electronic books
|
| 700 |
1 |
|
|a Tibben, Aad
|
| 700 |
1 |
|
|a Biesecker, Barbara
|
| 856 |
4 |
2 |
|u http://library.unisel.edu.my/web/guest/mylibrary
|
| 997 |
|
|
|a Education & Social Sciences, Faculty
|b Social Sciences, Department
|
| 999 |
|
|
|a EBO0009752
|b EBOOK
|c EBOOK
|e Electronic resources
|